00383nam a2200121Ia 4500008004100000082001600041100001400057245004700071260005500118300001000173630001800183650006000201211109s9999||||xx |||||||||||||| ||und|| a824 bRUS-C aRussell,  0aConquest Of Happiness Tr Mal By P D Pillai bKamalalya Printing WorksaThiruvananthapuramc1963 a158p. xGeneral Stack aEnglish LiteraturevEnglish essaysLiteraturexGeneralia